000
00404nam a2200145Ia 4500
008
100122s9999 xx 000 0 und d
082
_b
10515
_a
823.08
100
_a
अग्निहोत्री अ शं
245
_a
रंजना
260
_b
श्रीराम प्रकाशन
_c
1961
300
_a
113
630
_a
रंजना
730
_a
रंजना
942
_c
BOOK
999
_c
402140
_d
402137